Представление документа в формате MARC21

Поле Инд. ПП Название Значение
Тип записи a
Библиографический уровень b
001 Контрольный номер RU/IS/BASE/274201033
005 Дата корректировки 20200615224302.7
008 Кодируемые данные 20080908
040 b Код языка каталог. rus
e Правила каталог. PSBO
041 0_ a Код языка текста rus
084 a Индекс другой классификации/Индекс ББК 88.211.2; 87.153.3
100 1_ a Автор Ильина В. А.
245 10 a Заглавие Междисциплинарный подход к изучению сознания как объекта исследований в психологии и философии
504 a Библиография Библиогр.: 10 назв.
520 0_ a Аннотация Автор делает краткий обзор основных подходов философов разных времен к проблеме сознания, которые обобщены С. Пристом, а также взглядов психологов (С. Л. Рубинштейна, В. Н. Мясищева, В. П. Зинченко, В. М. Аллахвердова) на сознание как объект психологических исследований
650 04 a Основная рубрика общая психология; онтология
a Основная рубрика психология
a Основная рубрика философия
653 0_ a Ключевые слова междисциплинарный подход
a Ключевые слова психика
a Ключевые слова сознание
a Ключевые слова структура сознания
a Ключевые слова функции психики
773 08 t Заглавие источника Высшее образование сегодня
d Дата издания источника 2008
g Прочая информация № 1. - С. 80 - 82
w Контрольный № источника RU/IS/BASE/267718292
901 t Тип документа b